| 000 | 00519nam a22002057a 4500 | ||
|---|---|---|---|
| 999 |
_c173329 _d173329 |
||
| 003 | Nust | ||
| 005 | 20180723061216.0 | ||
| 008 | 170122b xxu||||| |||| 00| 0 eng d | ||
| 020 |
_a8129111810 _cRs. 122 |
||
| 020 | _a9788129111814 | ||
| 038 | _aArshad | ||
| 040 | _aNUST - Fiction | ||
| 082 |
_a823.91 _bCAR |
||
| 100 |
_aCartland, Barbara _911921 |
||
| 245 |
_aThe tears of love / _cBarbara Cartland |
||
| 260 |
_aNew Delhi: _bRupa G., _c1975 |
||
| 300 | _a188 p. | ||
| 650 |
_aFiction _93172 |
||
| 942 |
_2ddc _cBK |
||